| 000 | 01107aab a2200193 i 4500 | ||
|---|---|---|---|
| 001 | 768714001 | ||
| 003 | CO-MdFUSB | ||
| 005 | 20221117161322.0 | ||
| 008 | 221116s2002 sp ||||| |||| 00| 0 spa d | ||
| 040 |
_bspa _cCO-MdFUSB _dCO-MdFUSB |
||
| 041 | _aspa | ||
| 100 | 1 |
_aHarrison, Peter _eautor |
|
| 245 | 1 | 3 |
_aLa fijación del significado de la escritura : _bla Biblia del renacimiento y los orígenes de la modernidad _c/ Peter Harrison |
| 300 |
_aNúmero 294 (2002), Páginas 119-128 _c; 21 cm |
||
| 520 | _aEn el breve espacio del presente ensayo no voy a prescribir una panacea para sanar este desafortunado distanciamiento. Sin embargo, si espero arrojar algo de luz sobre los orígenes de esta gran divisoria, con la esperanza de que eso pueda aporta un nuevo y más profundo conocimiento de la difícil situación contemporánea y haga pensar en modos en que se podría paliar algunas consecuencias más perjudiciales en esa escisión en dos culturas contrapuestas. | ||
| 653 | _aEscritura | ||
| 773 | 0 |
_tConcilium _049450 _960418 _gNúmero 294 (2002), Páginas 119-128 _qPáginas 119 |
|
| 942 | _cANA | ||
| 999 |
_c49980 _d49980 |
||